000 00447nam a2200145Ia 4500
008 210716s1994 xx 000 0 und d
020 _a0393035972
041 _aeng
082 _a658.5 WATR
100 _aWaterman, Robert H.
245 _aWhat America does right: learning from companies that put people first.
_bLearning from companies that put people first.
250 _a1
260 _aNew York
_bW.W Norton & company
_c1994
300 _a318
999 _c198449
_d198449